000 01528cam a22003377a 4500
999 _c9442
_d9442
001 16724686
003 GBCCL
005 20241126110712.0
008 110407s2011 tnua b 000 0 eng
010 _a 2011281272
020 _a9780805464542 (pbk.)
020 _a0805464549
040 _aDLC
_cDLC
_dDLC
042 _apcc
050 0 0 _aBS617
_b.G88 2011
082 0 0 _a220.071
_223
_bGUT
100 1 _aGuthrie, George H.,
_d1959-
_916470
245 1 0 _aRead the Bible for life :
_byour guide to understanding & living God's word /
_cGeorge H. Guthrie.
260 _aNashville, Tenn. :
_bB&H Pub.,
_cc2011.
300 _axii, 338 p. ;
_c22 cm.
504 _aIncludes bibliographical references (p. 337-338).
520 _a"...Through a series of down-to-earth conversations with some of today's brightest scholars, author George Guthrie discusses the basic tools and attitudes needed to read the Bible more effectively. Chapters focus on various types of literature in Scripture and ways to approach them..." --P. [4] of cover.
630 0 0 _aBible
_xStudy and teaching.
_9498
630 0 0 _aBible
_xReading.
_91885
650 0 _aChristian life.
_9183
856 4 2 _3Contributor biographical information
_uhttp://www.loc.gov/catdir/enhancements/fy1108/2011281272-b.html
856 4 2 _3Publisher description
_uhttp://www.loc.gov/catdir/enhancements/fy1108/2011281272-d.html
906 _a7
_bcbc
_corigres
_d2
_encip
_f20
_gy-gencatlg
942 _2ddc
_cBK